000
00398nam a22001697a 4500
003
MPLRDC
005
20220104114500.0
008
210129b ||||| |||| 00| 0 eng d
082
_a
857.455 SL
100
_a
石梁标点
245
_a
杨家将传
_c
250
_a
一版二刷
260
_a
_b
湖南人民出版社
_c
1981
300
_b
平
650
_a
历史小说
942
_c
BK
_o
857.455 SL
999
_c
7813
_d
7803